Curso de Economía Política (Registro nro. 6054)

Detalles MARC
000 -LEADER
fixed length control field 01782 a2200217 4500
001 - CONTROL NUMBER
control field 56822
005 - DATE AND TIME OF LATEST TRANSACTION
control field 20260407155831.0
008 - FIXED-LENGTH DATA ELEMENTS--GENERAL INFORMATION
fixed length control field 260407a1955 arg spa d
003 - CONTROL NUMBER IDENTIFIER
control field AR-UNSa-BCEJYS
040 ## - CATALOGING SOURCE
Original cataloging agency AR-UNSa-BCEJYS
Language of cataloging spa
Transcribing agency AR-UNSa-BCEJYS
080 ## - UNIVERSAL DECIMAL CLASSIFICATION NUMBER
Universal Decimal Classification number 330.101
Common auxiliary subdivision Ciencia económica en general. La economía y sus problemas. Objeto y métodos de la economía política
100 1# - MAIN ENTRY--PERSONAL NAME
Personal name Gide, Charles
245 10 - TITLE STATEMENT
Title Curso de Economía Política
250 ## - EDITION STATEMENT
Edition statement 2a. ed.
264 #1 - PRODUCTION, PUBLICATION, DISTRIBUTION, MANUFACTURE, AND COPYRIGHT NOTICE
Place of production, publication, distribution, manufacture Buenos Aires :
Name of producer, publisher, distributor, manufacturer El Ateneo
Date of production, publication, distribution, manufacture, or copyright notice 1955
300 ## - PHYSICAL DESCRIPTION
Extent 705 p.
Dimensions 20 cm.
505 ## - FORMATTED CONTENTS NOTE
Formatted contents note NOCIONES GENERALES 1. La ciencia económica – 2.Las diversas escuelas económicas – 3.Las necesidades y el valor LIBRO PRIMERO 1.Los factores de la producción: la naturaleza – 2.El trabajo – 3.El capital – 4.Como se regula la producción – 5.La asociación para la producción – 6.La división del trabajo – 6.La concentración de la producción – 7. La producción por el estado LIBRO SEGUNDO .La circulación: 1.El cambio – 2.Los comerciantes – 3.El transporte – 4.La moneda metálica – 5.Los sistemas monetarios – 6.La moneda papel – 7.El crédito – 8.Operaciones de banca – 9.Organizacion de los bancos – 10.Formacion de los precios – 11.El cambio internacional – 12.La política comercial LIBRO TERCERO Los varios modos de reparto : 1.El modo existente – 2.Los modos socialistas – 3.Los propietarios de las fincas rurales – 4.Los capitalistas rentistas – 5.Los asalariados – 6.Las reivindicaciones obreras – 7.Los empresarios – 8.El estado LIBRO CUARTO 1.El consumo: el gasto – 2.La asistencia – 3.El ahorro – 4.De si la producción podrá bastar al consumo.
590 ## - LOCAL NOTE (RLIN)
Local note niveau_biblio:m niveau_hierar:0
700 1# - ADDED ENTRY--PERSONAL NAME
Personal name Docteur, Carlos
942 ## - ADDED ENTRY ELEMENTS (KOHA)
Koha item type
Existencias
Withdrawn status Lost status Damaged status Not for loan Home library Current library Shelving location Date acquired Total checkouts Full call number Barcode Date last seen Price effective from Koha item type
        Biblioteca Prof. Eusebio Cleto del Rey Biblioteca Prof. Eusebio Cleto del Rey   07/04/2026   330.101 G453 2ed. L20260 07/04/2026 07/04/2026 Libro